<?xml version="1.0" encoding="UTF-8"?>
<record
    xmlns:xsi="http://www.w3.org/2001/XMLSchema-instance"
    xsi:schemaLocation="http://www.loc.gov/MARC21/slim http://www.loc.gov/standards/marcxml/schema/MARC21slim.xsd"
    xmlns="http://www.loc.gov/MARC21/slim">

  <leader>00786cam a2200301   4500</leader>
  <controlfield tag="001">632866</controlfield>
  <controlfield tag="003">YEEZEN</controlfield>
  <controlfield tag="005">20260410145109.0</controlfield>
  <controlfield tag="008">191023s2019    ch     g      000 fdchi d</controlfield>
  <datafield tag="020" ind1=" " ind2=" ">
    <subfield code="a">9789573334545</subfield>
    <subfield code="q">(&#x5E73;&#x88DD;) :</subfield>
    <subfield code="c">&#x65B0;&#x81FA;&#x5E63;420&#x5143;</subfield>
  </datafield>
  <datafield tag="040" ind1=" " ind2=" ">
    <subfield code="a">TWNTU</subfield>
    <subfield code="b">chi</subfield>
    <subfield code="e">ccr</subfield>
    <subfield code="c">TWNTU</subfield>
  </datafield>
  <datafield tag="041" ind1="1" ind2=" ">
    <subfield code="a">chi</subfield>
    <subfield code="h">jpn</subfield>
  </datafield>
  <datafield tag="042" ind1=" " ind2=" ">
    <subfield code="a">nbic</subfield>
  </datafield>
  <datafield tag="066" ind1=" " ind2=" ">
    <subfield code="c">$1</subfield>
  </datafield>
  <datafield tag="082" ind1=" " ind2=" ">
    <subfield code="a">861.57</subfield>
  </datafield>
  <datafield tag="086" ind1=" " ind2=" ">
    <subfield code="a">861.57</subfield>
  </datafield>
  <datafield tag="090" ind1=" " ind2=" ">
    <subfield code="a">861.57</subfield>
  </datafield>
  <datafield tag="100" ind1="1" ind2=" ">
    <subfield code="a">&#x6771;&#x91CE;&#x572D;&#x543E;</subfield>
  </datafield>
  <datafield tag="245" ind1="1" ind2="0">
    <subfield code="a">&#x6C89;&#x9ED8;&#x7684;&#x904A;&#x884C; / </subfield>
    <subfield code="c">&#x6771;&#x91CE;&#x572D;&#x543E;&#x4F5C; ; &#x738B;&#x860A;&#x6F54;&#x8B6F;</subfield>
  </datafield>
  <datafield tag="250" ind1=" " ind2=" ">
    <subfield code="a">&#x521D;&#x7248;</subfield>
  </datafield>
  <datafield tag="260" ind1=" " ind2=" ">
    <subfield code="a">&#x81FA;&#x5317;&#x5E02;</subfield>
    <subfield code="b">&#x7687;&#x51A0;&#x6587;&#x5316;</subfield>
    <subfield code="c">2019.08.</subfield>
  </datafield>
  <datafield tag="300" ind1=" " ind2=" ">
    <subfield code="a">363&#x9762;</subfield>
    <subfield code="c">21&#x516C;&#x5206;</subfield>
  </datafield>
  <datafield tag="490" ind1="0" ind2=" ">
    <subfield code="a">&#x6771;&#x91CE;&#x572D;&#x543E;&#x4F5C;&#x54C1;&#x96C6;</subfield>
    <subfield code="v">32.</subfield>
  </datafield>
  <datafield tag="500" ind1=" " ind2=" ">
    <subfield code="a">&#x8B6F;&#x81EA;: &#x6C88;&#x9ED9;&#x306E;&#x30D1;&#x30EC;&#x30FC;&#x30C9;</subfield>
  </datafield>
  <datafield tag="700" ind1="1" ind2=" ">
    <subfield code="a">&#x738B;&#x860A;&#x6F54;</subfield>
  </datafield>
  <datafield tag="740" ind1="0" ind2=" ">
    <subfield code="a">&#x6C88;&#x9ED9;&#x306E;&#x30D1;&#x30EC;&#x30FC;&#x30C9;</subfield>
  </datafield>
  <datafield tag="942" ind1=" " ind2=" ">
    <subfield code="2">ccl</subfield>
    <subfield code="c">BOOK</subfield>
  </datafield>
  <datafield tag="999" ind1=" " ind2=" ">
    <subfield code="c">7708</subfield>
    <subfield code="d">7708</subfield>
  </datafield>
  <datafield tag="952" ind1=" " ind2=" ">
    <subfield code="0">0</subfield>
    <subfield code="1">0</subfield>
    <subfield code="2">ccl</subfield>
    <subfield code="4">0</subfield>
    <subfield code="7">0</subfield>
    <subfield code="a">yeezen</subfield>
    <subfield code="b">yeezen</subfield>
    <subfield code="c">YEEZEN</subfield>
    <subfield code="d">2026-04-10</subfield>
    <subfield code="l">0</subfield>
    <subfield code="o">861.57</subfield>
    <subfield code="p">C03291</subfield>
    <subfield code="r">2026-04-10 00:00:00</subfield>
    <subfield code="w">2026-04-10</subfield>
    <subfield code="y">BOOK</subfield>
    <subfield code="z">&#x6211;&#x5F9E;&#x4F86;&#x6C92;&#x6709;&#x60F3;&#x904E;&#x6BBA;&#x4EBA;&#xFF0C; &#x4F46;&#x70BA;&#x4E86;&#x59B3;&#xFF0C;&#x6211;&#x9858;&#x610F;&#x8CED;&#x4E0A;&#x4E00;&#x5207;&#x3002; &#x7576;&#x904A;&#x884C;&#x7684;&#x55A7;&#x56C2;&#x7D50;&#x675F;&#x6642;&#xFF0C; &#x6211;&#x5C07;&#x89AA;&#x624B;&#x756B;&#x4E0A;&#x6C89;&#x9ED8;&#x7684;&#x53E5;&#x9EDE;&#x3002;  &#x6C92;&#x6709;&#x4EBA;&#x4E0D;&#x611B;&#x4F50;&#x7E54;&#xFF0C;&#x4E5F;&#x6C92;&#x6709;&#x4EBA;&#x60F3;&#x5F97;&#x5230;&#xFF0C;&#x4F50;&#x7E54;&#x6703;&#x4EE5;&#x9019;&#x7A2E;&#x65B9;&#x5F0F;&#x300C;&#x6D88;&#x5931;&#x300D;&#x3002;  &#x59E3;&#x597D;&#x7684;&#x5BB9;&#x8C8C;&#x3001;&#x51FA;&#x8272;&#x7684;&#x6B4C;&#x5531;&#x624D;&#x83EF;&#xFF0C;&#x5979;&#x662F;&#x5BB6;&#x88E1;&#x958B;&#x7684;&#x5C45;&#x9152;&#x5C4B;&#x300C;&#x4E26;&#x6728;&#x5C4B;&#x300D;&#x7684;&#x6D3B;&#x62DB;&#x724C;&#xFF0C;&#x66F4;&#x662F;&#x83CA;&#x91CE;&#x5546;&#x5E97;&#x8857;&#x4E2D;&#x6700;&#x53D7;&#x6B61;&#x8FCE;&#x7684;&#x5B8C;&#x7F8E;&#x5973;&#x5B69;&#x3001;&#x773E;&#x6240;&#x671F;&#x5F85;&#x7684;&#x660E;&#x65E5;&#x4E4B;&#x661F;&#x3002;&#x4F46;&#x5979;&#x5728;&#x67D0;&#x4E00;&#x5929;&#x665A;&#x4E0A;&#x51FA;&#x9580;&#x5F8C;&#xFF0C;&#x537B;&#x518D;&#x4E5F;&#x6C92;&#x6709;&#x56DE;&#x4F86;&#xFF0C;&#x56DB;&#x5E74;&#x5F8C;&#xFF0C;&#x88AB;&#x767C;&#x73FE;&#x9673;&#x5C4D;&#x5728;&#x4E00;&#x9593;&#x71D2;&#x6BC0;&#x7684;&#x7834;&#x5C4B;&#x88E1;&#x3002;</subfield>
  </datafield>
</record>
